The therapeutic encounter : a cross-modality approach /

Focusing on the client-therapist relationship at the core of counselling and psychotherapy practice, this book introduces a model effective across all therapeutic approaches. It provides a cross-modality framework for practice by engaging the trainee directly in the drama of the therapeutic encounte...

Full description

Bibliographic Details
Main Author: Bott, David
Corporate Author: Sage Publications
Other Authors: Howard, Pam
Format: eBook
Language:English
Published: Los Angeles, [Calif.] ; London : SAGE, 2012.
Subjects:
Online Access:Connect to the full text of this electronic book

MARC

Tag First Indicator Second Indicator Subfields
LEADER 00000nam a2200000 a 4500
001 in00004756331
006 m|||||o||d||||||||
007 cr |||||||||||
008 120522s2012 caua fo| 001|0|eng|d
005 20231120173844.1
020 |a 9781446250785 (ebook) :  |c No price 
035 |a (OCoLC)1007858710 
035 |a (StDuBDS)EDZ0000085613 
040 |a StDuBDS  |b eng  |c StDuBDS  |e pn 
050 4 |a RC481 
082 0 4 |a 616.8914  |2 23 
100 1 |a Bott, David. 
245 1 4 |a The therapeutic encounter :  |b a cross-modality approach /  |c David Bott and Pam Howard. 
260 |a Los Angeles, [Calif.] ;  |a London :  |b SAGE,  |c 2012. 
300 |a 1 online resource (110 pages) :  |b illustrations. 
336 |a text  |b txt  |2 rdacontent 
337 |a computer  |b c  |2 rdamedia 
338 |a online resource  |b cr  |2 rdacarrier 
520 8 |a Focusing on the client-therapist relationship at the core of counselling and psychotherapy practice, this book introduces a model effective across all therapeutic approaches. It provides a cross-modality framework for practice by engaging the trainee directly in the drama of the therapeutic encounter. 
504 |a Includes bibliographical references and index. 
521 |a Specialized. 
588 |a Description based on print version record. 
650 0 |a Client-centered psychotherapy. 
650 0 |a Counselor and client. 
655 7 |a Electronic books.  |2 local 
700 1 |a Howard, Pam. 
710 2 |a Sage Publications. 
776 0 8 |i Print version :  |z 9780857022332 
856 4 0 |u http://proxy.library.tamu.edu/login?url=https://sk.sagepub.com/books/the-therapeutic-encounter  |z Connect to the full text of this electronic book  |t 0 
955 |a SAGE Knowledge 
999 f f |s a772c26c-c6e7-4dcb-9480-4391fbba41b4  |i 6a97987f-7d18-4e0d-963a-c9f30cb997d7  |t 0 
952 f f |a Texas A&M University  |b College Station  |c Electronic Resources  |d Available Online  |t 0  |e RC481   |h Library of Congress classification 
998 f f |a RC481   |t 0  |l Available Online